Survivor: Zero Vote Finalists - Statistics

General Stats
  • This quiz has been taken 56 times
    21 since last reset
  • The average score is 29 of 32
Answer Stats
Season Winner 0-Vote Finalist % Correct
Cook Islands Yul Becky
100%
David vs. Goliath Nick Angelina
93%
Caramoan Cochran Dawn
93%
Fiji Earl Dreamz
93%
Blood vs. Water Tyson Gervase
93%
Survivor 45 Dee Jake
93%
Ghost Island Wendell Laurel
93%
Winners at War Tony Michele
93%
Samoa Natalie Mick
93%
Redemption Island Boston Rob Natalie
93%
Survivor 43 Gabler Owen
93%
Heroes vs. Villains Sandra Russell
93%
Second Chance Jeremy Spencer
93%
Tocantins J.T. Stephen
93%
Survivor 47 Rachel Sue
93%
Gabon Bob Sugar
93%
Kaoh Rong Michele Tai
93%
Second Chance Jeremy Tasha
93%
Survivor 41 Erika Xander
93%
Survivor 46 Kenzie Ben
86%
Survivor 44 Yam Yam Carolyn
86%
Millennials vs. Gen X Adam Hannah
86%
Edge of Extinction Chris Julie
86%
Millennials vs. Gen X Adam Ken
86%
Island of the Idols Tommy Noura
86%
Survivor 42 Maryanne Romeo
86%
Game Changers Sarah Troyzan
86%
South Pacific Sophie Albert
79%
Fiji Earl Cassandra
79%
One World Kim Chelsea
79%
Nicaragua Fabio Sash
79%
Caramoan Cochran Sherri
79%
No matching quizzes found
Score Distribution
Percent of People with Each Score
Percentile by Number Answered
Your Score History
You have not taken this quiz since the last reset